00843nam a2200265 a 4500001000400000003000800004005001700012008004100029020002500070020002200095035002400117040006400141041000800205082002500213245007500238246003500313246001400348250001700362260005800379300003400437490003100471650002900502700002400531700002200555339BD-RjUL20211208233148.0150131s2009 enka b 000 0 eng c a9780199533008 (pbk.) a0199533008 (pbk.) a(OCoLC)ocn260204710 aBTCTAcPULdUKMdYDXCPdBWKUKdBWKdBWXdCDXdCOOdDLCbeng aeng 222a301.03bDIC 200902aA dictionary of sociology /cedited by John Scott and Gordon Marshall.34aOxford dictionary of sociology30aSociology a3rd ed. rev. aOxford ;aNew York :bOxford University Press,c2009. axii, 816 p. :bill. ;c20 cm.0 aOxford paperback reference 0aSociologyvDictionaries.1 aScott, John,d1949-1 aMarshall, Gordon.